| 000 | 00558nam a22002177i 4500 | ||
|---|---|---|---|
| 001 | 327 | ||
| 003 | OSt | ||
| 005 | 20170126082242.0 | ||
| 007 | tu | ||
| 008 | 161220s1987 xxu||||| |||| 00| 0 d | ||
| 024 | 7 |
_a326 _2RID |
|
| 040 | _cOSt | ||
| 084 |
_a3.25 _2z |
||
| 100 | 1 | _aJevdokimova, T.G. | |
| 242 | 0 | 0 | _aPreisbildung bei Waren für den Nationalverbrauch |
| 245 | 0 | 0 | _aCenoobrazovanije na tovary narodnogo potreblenija |
| 260 |
_aMoskva : _bFinansy i statistika, _c1987. |
||
| 300 |
_a188 S. ; _c21cm. |
||
| 651 | _aSoviet Union | ||
| 700 | 1 | _aKovalevskij, D.F. | |
| 942 | _cB | ||
| 999 |
_c323 _d323 |
||